| 000 | 00826cam a2200253 a 4500 | ||
|---|---|---|---|
| 999 |
_c4353 _d4353 |
||
| 003 | OSt | ||
| 005 | 20220323055752.0 | ||
| 008 | 831222s1984 mdua b 101 0 eng | ||
| 020 | _a0683067540 | ||
| 040 | _cDLC | ||
| 050 | 0 | 0 |
_aRC86.7 _b.M33 1984 |
| 060 | _aWX 218 M234 1983 | ||
| 245 | 0 | 0 |
_aMajor issues in critical care medicine / _ceditors, Joseph E. Parrillo, Stephen M. Ayres. |
| 260 |
_aBaltimore : _bWilliam & Wilkins, _cc1984. |
||
| 300 |
_axx, 297 p. : _bill. ; _c27 cm. |
||
| 504 | _aIncludes bibliographies and index. | ||
| 650 | 0 |
_aCritical care medicine _xCongresses. |
|
| 650 | 2 |
_aCritical care _xCongresses. |
|
| 650 | 2 |
_aIntensive care units _xCongresses. |
|
| 700 | 1 | _aParrillo, Joseph E. | |
| 700 | 1 |
_aAyres, Stephen M., _d1929- |
|
| 906 |
_a7 _bcbc _corignew _d1 _eocip _f19 _gy-gencatlg |
||
| 942 |
_2lcc _cBK |
||